Vegetación del territorio CAR, (Registro nro. 5243)

Detalles MARC
000 -CABECERA
Campo de control 01349cam a2200313 a 4500
005 - FECHA Y HORA DE LA ULTIMA TRANSACCION
Campo de control 20160630104054.0
008 - ELEMENTOS DE LONGITUD FIJA—INFORMACION GENERAL
Campo de control 130816t 2004ck abdo rc 001 0 spa d
020 ## - ISBN
ISBN 9588188067
040 ## - FUENTE DE CATALOGACIÓN
Agencia catalogadora original la
Agencia transcriptora la
Agencia Modificadora CO-BoPUJ
-- CO-BoIAVH
041 0# - IDIOMA
Código de idioma para texto/pista de sonido o título separado Español
044 ## - PAÍS DE PUBLICACIÓN
País de publicación Colombia
082 04 - NUMERO DE CLASIFICACION DECIMAL DEWEY
Número de clasificación 581.7
Número del ítem V42t
100 1# - ASIENTO PRINCIPAL--NOMBRE PERSONAL
Nombre personal Mahecha Vega, Gilberto Emilio
Término relacionado autor
9 (RLIN) 8734
245 00 - MENCION DE TITULO
Título Vegetación del territorio CAR,
Parte restante del título 450 especies de sus llanuras y montañas
Mención de responsabilidad Gilberto E. Mahecha Vega [y otros 4]
250 ## - MENCION DE EDICION
Mención de edición Primera edición
260 ## - PUBLICACION, DISTRIBUCION, ETC. (PIE DE IMPRENTA)
Lugar de publicación, distribución, etc. Bogotá :
Nombre del editor, distribuidor, etc. Corporación Autónoma Regional de Cundinamarca,
Fecha de publicación, distribución, etc. c2004.
300 ## - DESCRIPCION FISICA
Extensión xvii, 871 páginas :
Otros detalles físicos ilustraciones, mapas, tablas y fotografías a color ;
Dimensiones 23 x 17 cm.
504 ## - NOTA DE BIBLIOGRAFIA, ETC.
Nota de bibliografía Incluye referencias bibliográficas: páginas 869-871, glosario e índice.
650 16 - ASIENTO SECUNDARIO DE MATERIA - TERMINO TEMATICO
Término temático o nombre geográfico como elemento de entrada Fisiología vegetal
9 (RLIN) 12384
650 26 - ASIENTO SECUNDARIO DE MATERIA - TERMINO TEMATICO
Término temático o nombre geográfico como elemento de entrada Vegetación
Subdivisión general Clasificación
Subdivisión geográfica Cundinamarca (Colombia)
9 (RLIN) 72700
650 24 - ASIENTO SECUNDARIO DE MATERIA - TERMINO TEMATICO
Término temático o nombre geográfico como elemento de entrada Taxonomía vegetal
Subdivisión geográfica Cundinamarca (Colombia)
9 (RLIN) 72701
650 26 - ASIENTO SECUNDARIO DE MATERIA - TERMINO TEMATICO
Término temático o nombre geográfico como elemento de entrada Vegetación
Subdivisión geográfica Cundinamarca (Colombia)
Subdivisión de forma Catálogos
9 (RLIN) 72702
650 26 - ASIENTO SECUNDARIO DE MATERIA - TERMINO TEMATICO
Término temático o nombre geográfico como elemento de entrada Plantas
Subdivisión de forma Catálogos
Subdivisión geográfica Cundinamarca (Colombia)
9 (RLIN) 72703
700 1# - ASIENTO SECUNDARIO - NOMBRE PERSONAL
Nombre personal Ovalle-Escobar, Alberto
Término de relación autor
9 (RLIN) 2070
700 1# - ASIENTO SECUNDARIO - NOMBRE PERSONAL
Nombre personal Camelo-Salamanca, Dalila
Término de relación autora
9 (RLIN) 2071
700 1# - ASIENTO SECUNDARIO - NOMBRE PERSONAL
Nombre personal Rozo-Fernández, Alejandra
Término de relación autora
9 (RLIN) 2072
700 1# - ASIENTO SECUNDARIO - NOMBRE PERSONAL
Nombre personal Barrero-Barrero, Delfín
Término de relación autor
9 (RLIN) 2073
942 ## - ELEMENTOS ADICIONALES (KOHA)
Sistema de clasificación Dewey Decimal Classification
Tipo de ítem Libro
Existencias
Withdrawn status Lost status Sistema de Clasificación Damaged status No para préstamo Colección Inventariado Ubicación Permanente Ubicación actual Fecha de adquisición Fuente de Valor Valor Total Checkouts Número topográfico Inventario / Código de Barras Date last seen Ejemplar Price effective from Forma de adquisición Tipo de material
    Dewey Decimal Classification     General Inventariado 2017 Bogotá Bogotá 23/08/2006 Instituto 39000.00   LB-581.7 V42t 023242 18/04/2013 Ej. 1 04/12/2012 Donación Libro
    Local     General   Villa de Leyva Villa de Leyva 14/11/2008 CAR     LB-04586 026573 04/12/2012 Ej. 2 04/12/2012   Libro